000 01332nam a2200313 a 4500
003 BLK
005 20250701173918.0
008 180411b bul|||||r ||||||| ||bul||
020 _a9789542617501
040 _aBLK
041 _aBUL
_cBUL
080 _aАмериканска литература (на САЩ)
_b821.111(73)
_x-93-32
_z821.111(73)-93-32
084 _aЕ 59
100 1 _aЕмерсън, Маркъс
_9347173
245 1 0 _aДневникът на един нинджа 3
_bВъзходът на червените нинджи
_cМаркъс Емерсън; прев. от англ. Коста Атанасов Сивов.
257 _aUSA
260 _aСофия
_bХермес
_c2017
_fСофия : Алианс принт
300 _a136 с.
_bс ил.
_c20 см
380 _aDX
500 _aОриг. загл. Diary of a Sixth Grade Ninja : Rise of the Red Ninjas / Marcus Emerson.
653 _aповести
653 _aлитература за деца
653 _aдетска литература
700 _aСивов, Коста Атанасов
_9383724
852 _aЦб 285157
_bД
_c821-93/Е 59 М
942 _cKNG
_n0
_019
944 _aCR
_c30.10.2017
_lГрета Цуфелде
_k30537
999 _c204306
_d204306